00751nam a22002537a 450000500170000000800410001702000180005804000070007604100120008308200170009510000180011224500320013025000070016226000410016930000300021036500590024065000330029965000380033265000460037070000220041670000160043870000220045470000210047620260406162151.0260326b |||||||| |||| 00| 0 eng d a9789357463980 cAL aEnglish a005.41bNISC aNorman S Nise aControl systems engineering a8. aNew DelhibWiley India Pvt Ltdc2024 axviii,822p.bPBc25x20cm. aVBI-2645b₹1049.25c₹d₹1399.00e25%f20-02-2026 aSystem modeling and analysis aStability and response techniques aControl system design and modern methods aSingh, Amit Kumar aDey, Aritro aBera, Manas Kumar aAcharya, Swastik